000 01455nam0a2200289 4500
001 RU\NLR\bibl\124783
005 20260407062211.0
035 _a(NLR Aleph) 000122215
090 _a696243
_c696243
100 _a20001221d2000 |||y0rusy50 ca
101 0 _arus
102 _aRU
105 _aa |||||||||
200 1 _aПроблемы разработки, внедрения и эксплуатации цифровых систем коммутации
_eНауч.-практ. семинар, 6-9 июня 2000 г., С.-Петербург
_eТез. докл.
210 _aМ.
_cБ.и.
_d2000
215 _a79 с.
_cил.
_d20
300 _aВ надзаг.: М-во Рос. Федерации по связи и информатизации, Ленингр. отрасл. НИИ связи, Рос. НТОРЭС им. А.С. Попова
606 0 _aКоммутация цифровая
_jСъезды, совещания и т.п.
_xСистемы
_92188698
_3RU\NLR\auth\661315808
606 0 _aЦифровая коммутация
_jТезисы докладов
_xСистемы
_92188706
_3RU\NLR\auth\661315811
686 _aЗ88-5-047я431
712 0 2 _4570
_aЛенинградский отраслевой НИИ связи
_cСанкт-Петербург
_3RU\NLR\AUTH\8810029361
_9557285
801 0 _aRU
_bNLR
_c20001221
_gPSBO
801 1 _aRU
_bNLR
_c20001221
852 _aNLR
_j2000-4/7929
942 _cBOOK
980 _aNB